| 000 | 00752cam a22002657i 4500 | ||
|---|---|---|---|
| 942 | _cBK | ||
| 999 |
_c576 _d576 |
||
| 001 | 19362271 | ||
| 003 | OSt | ||
| 005 | 20250420134816.0 | ||
| 008 | 161102s2017 enka 001 0 eng d | ||
| 010 | _a 2016958646 | ||
| 020 | _a9780128117989 | ||
| 035 | _a(OCoLC)ocn973272314 | ||
| 040 |
_aSINAP _beng _cKCST _erda |
||
| 042 | _alccopycat | ||
| 050 | 0 | 0 |
_aTK7881.15 _b.M35 2017 |
| 082 |
_a621.317 _bMa Po |
||
| 100 | 1 |
_aManias, Stefanos N. _94967 |
|
| 245 | 1 | 0 |
_aPower electronics and motor drive systems / _cStefanos N. Manias. |
| 260 |
_aLondon : _bAcademic Press, _c2017. |
||
| 300 |
_axxix, 978 pages : _billustrations ; _c23 cm |
||
| 650 | 0 |
_aPower electronics _vTextbooks. _91120 |
|
| 655 | 7 |
_aTextbooks. _94759 |
|
| 942 | _2ddc | ||